000 03492cam a2200493 i 4500
001 19573975
003 OSt
005 20250725113918.0
008 170328s2018 mnu b 000 p eng c
010 _a 2017938013
020 _a9781555978020 (softcover)
020 _a1555978029 (softcover)
024 8 _a99976497190
035 _a(OCoLC)on1021230553
040 _aTOH
_beng
_cTOH
_erda
_dPOETS
_dGZD
_dYDX
_dBDX
_dCLE
_dNYP
_dUAB
_dEAU
_dTOH
_dOCLCO
_dWLU
_dEYM
_dJTH
_dIAY
_dIPU
_dOBE
_dOCLCF
_dDLC
042 _apcc
050 0 0 _aPS3624.I4
_bA6 2018
100 _aXie, Jenny
_eauthor
_92
240 1 0 _aPoems.
_kSelections
245 1 0 _aEye level :
_bpoems /
_cJenny Xie.
264 1 _aMinneapolis, Minnesota :
_bGraywolf Press,
_c[2018]
300 _a79 pages ;
_c23 cm
336 _atext
_btxt
_2rdacontent
337 _aunmediated
_bn
_2rdamedia
338 _avolume
_bnc
_2rdacarrier
505 0 0 _tRootless --
_tUnspoiled fictions --
_tPhnom Penh Diptych : wet season --
_tPhnom Penh Diptych : dry season --
_tCorfu --
_tDisplacement --
_tFortified --
_tEpistle --
_tOld wives' tales on which I was fed --
_tSolitude study --
_tZuihitsu --
_tAlike, yet not quite --
_tLunar New Year, 1988 --
_tMetamorphosis --
_tNaturalization --
_tLineage --
_tChinatown Diptych --
_tOrigin story --
_tCaptivity --
_tPrivate property --
_tInvisible relations --
_tBildungsroman --
_tVisual orders --
_tBorderless --
_tNo animal --
_tMelancholia --
_tInwardly --
_tSquare cells --
_tTending --
_tExit, Eve --
_tHardwired --
_tThe hunt --
_tZazen --
_tTo be a good Buddhist is ensnarement --
_tMargins --
_tDéjà vu --
_tLetters to Du Fu --
_tExile --
_tA slow way --
_tOngoing --
_tLong nights --
_tNotes.
520 _a"Jenny Xie's award-winning debut, Eye Level, takes us far and near, to Phnom Penh, Corfu, Hanoi, New York, and elsewhere, as we travel closer and closer to the acutely felt solitude that centers this searching, moving collection. Animated by a restless inner questioning, these poems meditate on the forces that moor the self and set it in motion, from immigration to travel to estranging losses and departures. The sensual worlds here--colors, smells, tastes, and changing landscapes--bring to life questions about the self as seer and the self as seen. As Xie writes, "Me? I'm just here in my traveler's clothes, trying on each passing town for size." Her taut, elusive poems exult in a life simultaneously crowded and quiet, caught in between things and places, and never quite entirely at home. Xie is a poet of extraordinary perception--both to the tangible world and to "all that is untouchable as far as the eye can reach.""--Amazon.com.
586 _aWalt Whitman Award of the Academy of American Poets, 2017.
648 7 _a2000-2099
_2fast
650 0 _aIdentity (Psychology)
_vPoetry.
650 0 _aTravel
_vPoetry.
650 0 _aAmerican poetry
_y21st century.
_93
650 0 _aAmerican poetry
_xAsian American authors
_y21st century.
650 7 _aAmerican poetry.
_2fast
_0(OCoLC)fst00807348
650 7 _aAmerican poetry
_xAsian American authors.
_2fast
_0(OCoLC)fst00807354
650 7 _aIdentity (Psychology)
_2fast
_0(OCoLC)fst00966892
650 7 _aTravel.
_2fast
_0(OCoLC)fst01155558
655 7 _aPoetry.
_2fast
_0(OCoLC)fst01423828
655 7 _aPoetry.
_2lcgft
906 _a7
_bcbc
_cpccadap
_d2
_encip
_f20
_gy-gencatlg
942 _2ddc
_cBK
_n0
999 _c2
_d2